000 00749nam a2200265 4500
001 2007
010 _a9789897736353
021 _aPT
_b549205/25
090 _a2007
100 _a20251124d2025 m||y0pory50030103ba
101 _apor
102 _aPT
200 _aO divórcio perfeito
_fJeneva Rose
_gtrad. Fernanda Semedo
205 _a1ª edição
210 _aS. Pedro Estoril
_cSaída de Emergência
_d2025
215 _a285, [2] p.
_d23 cm
300 _aBMB-Registado
304 _aTít. orig.: The perfect divorce
606 _9795
_aLiteratura Americana
606 _9778
_aRomance Policial
675 _a821.111(73)-312.4
_vBMB
_zpor
700 _aRose
_bJeneva
_92881
702 _aSemedo
_bFernanda
_4730
_91794
801 _aPT
_bBMB
_gRPC
990 _cLIVROS